NBA trios in 2024 - Statistics

General Stats
  • This quiz has been taken 2,321 times
    2,156 since last reset
  • The average score is 69 of 90
Answer Stats
Team Answer Ovr Trio Ovr % Correct
Phoenix Suns Devin Booker 94 276
99%
Phoenix Suns Kevin Durant 96 276
99%
Los Angeles Lakers Anthony Davis 93 271
98%
Milwaukee Bucks Damian Lillard 94 275
98%
Milwaukee Bucks Giannis Antetokounmpo 96 275
98%
Los Angeles Lakers Lebron James 96 271
98%
Boston Celtics Jaylen Brown 89 271
97%
Boston Celtics Jayson Tatum 95 271
97%
Indiana Pacers Buddy Hield/ Bennedict Mathurin/ Bruce Brown 80 251
96%
Phoenix Suns Bradley Beal 86 276
95%
Los Angeles Lakers D'angelo Russell/ Austin Reaves 82 271
94%
Denver Nuggets Nikola Jokic 98 270
94%
Golden State Warriors Stephen Curry 96 266
94%
Denver Nuggets Jamal Murray 88 270
93%
Philadelphia 76ers Joel Embiid 96 270
93%
Milwaukee Bucks Khris Middleton 85 275
93%
Atlanta Hawks Dejounte Murray 84 255
92%
Philadelphia 76ers Tyrese Maxey 85 270
92%
Miami Heat Jimmy Butler 95 265
91%
Golden State Warriors Klay Thompson 85 266
91%
Dallas Mavericks Luka Doncic 95 263
91%
Los Angeles Clippers Paul George 89 264
91%
Cleveland Cavaliers Donovan Mitchell 92 263
89%
Houston Rockets Jalen Green 83 249
89%
Philadelphia 76ers James Harden 89 270
89%
Dallas Mavericks Kyrie Irving 90 263
89%
Boston Celtics Jrue Holiday 87 271
88%
Los Angeles Clippers Kawhi Leonard 94 264
88%
Memphis Grizzlies Ja Morant 92 262
87%
Oklahoma City Thunder Shai Gilgeous-Alexander 93 258
87%
Minnesota Timberwolves Anthony Edwards 88 257
86%
Miami Heat Bam Adebayo 87 265
86%
New Orleans Pelicans Zion Williamson 90 259
86%
Cleveland Cavaliers Darius Garland 86 263
85%
Miami Heat Tyler Herro 83 265
85%
Sacramento Kings De'Aaron Fox 88 257
84%
New York Knicks Jalen Brunson 88 255
84%
Minnesota Timberwolves Karl-Anthony Towns 85 257
84%
Sacramento Kings Domantas Sabonis 87 257
83%
Denver Nuggets Michael Porter Jr. 84 270
83%
Atlanta Hawks Trae Young 89 255
83%
Oklahoma City Thunder Jalen Williams 82 258
82%
Memphis Grizzlies Jaren Jackson Jr. 86 262
82%
Cleveland Cavaliers Evan Mobley 85 263
81%
Charlotte Hornets Lamelo Ball 86 245
81%
Minnesota Timberwolves Rudy Gobert 84 257
81%
Chicago Bulls Zach Lavine 86 256
81%
Chicago Bulls Demar Derozan 86 256
80%
Indiana Pacers Tyrese Haliburton 88 251
80%
New Orleans Pelicans Brandon Ingram 85 259
79%
Orlando Magic Paolo Banchero 84 247
78%
Detroit Pistons Cade Cunningham 84 246
77%
Washington Wizards Jordan Poole 82 244
77%
New York Knicks Julius Randle 85 255
77%
Golden State Warriors Chris paul 85 266
76%
Brooklyn Nets Mikal Bridges 86 251
76%
San Antonio Spurs Victor Wembanyama 84 245
76%
Charlotte Hornets Miles Bridges 79 245
75%
Memphis Grizzlies Desmond Bane 84 262
73%
Toronto Raptors Pascal Siakam 86 251
73%
Toronto Raptors Scottie Barnes 83 251
71%
Washington Wizards Kyle Kuzma 83 244
70%
Los Angeles Clippers Russell Westbrook 81 264
70%
Orlando Magic Franz Wagner 82 247
69%
Utah Jazz Jordan Clarkson/ John Collins/ Collin Sexton 80 249
69%
Chicago Bulls Nikola Vucevic 84 256
68%
Indiana Pacers Myles Turner 83 251
67%
Atlanta Hawks Clint Capela 82 255
66%
New York Knicks Rj Barrett/ Mitchell Robinson 82 255
66%
Houston Rockets Alperun Sengun 83 249
65%
Portland Trailblazers Anfernee Simons 83 249
65%
New Orleans Pelicans Cj McCollum 84 259
65%
Houston Rockets Fred VanVleet 83 249
65%
Oklahoma City Thunder Josh Giddey 83 258
62%
Utah Jazz Lauri Markkanen 86 249
61%
Portland Trailblazers Deandre Ayton 83 249
60%
San Antonio Spurs Keldon Johnson 80 245
60%
Brooklyn Nets Nicolas Claxton 84 251
56%
Sacramento Kings Malik Monk 82 257
53%
San Antonio Spurs Devin Vassell 81 245
49%
Toronto Raptors Og Anunoby 82 251
49%
Utah Jazz Walker Kessler 83 249
48%
Detroit Pistons Jaden Ivey 80 246
47%
Dallas Mavericks Tim Hardaway Jr. 78 263
45%
Washington Wizards Tyus Jones 79 244
42%
Orlando Magic Wendell Carter Jr. 81 247
40%
Charlotte Hornets Terry Rozier 80 245
39%
Brooklyn Nets Spencer Dinwiddie/ Cameron Johnson 81 251
35%
Detroit Pistons Bojan Bogdanovic 82 246
32%
Portland Trailblazers Malcolm Brogdon 83 249
28%
No matching quizzes found
Score Distribution
Percent of People with Each Score
Percentile by Number Answered
Your Score History
You have not taken this quiz since the last reset